Word Ladder: Fred Astaire Quiz Stats

 Plays Quiz Updated May 31, 2018

Challenge
Share
Tweet
Embed
Score 0/26 Timer 03:00
0 Plays Today
Clue 4-Letter Rung % Correct
Not duskDAWN
98.4%
Farm buildingBARN
97.7%
Very mild swear wordDARN
96.9%
Not wildTAME
95.2%
EmployHIRE
95%
Not thereHERE
95%
William Shakespeare or John Cooper Clarke, e.g.BARD
93.8%
Narrow roadLANE
93%
Afflicted with diseaseSICK
92.9%
ExhaustTIRE
92.7%
• 1933: Flying ____ to Rio •• DOWN •
92.6%
CelebrityFAME
92.1%
• 1936: Swing ____• TIME •
91.1%
Clue 4-Letter Rung % Correct
• 1942: You ____ Never Lovelier •• WERE •
90.7%
• 1953: The ____ Wagon •• BAND •
90.1%
Batman villainBANE
89.8%
Shop's item to be soldWARE
89.6%
Thirsty plant's actionWILT
89%
Skin protrusionWART
89%
• 1957: ____ Stockings •• SILK •
88.9%
Astley or Moranis, e.g.RICK
88.8%
Common water sedimentSILT
88.1%
Disney or Whitman, e.g.WALT
87.9%
Ornamental fabric LACE
86.5%
• 1957: Funny ____• FACE •
85.7%
• 1941: You'll Never Get ____• RICH •
65.6%

Today's Daily Dose

Missing Word
No Snow!

Word Ladder
Wild Cats

On This Day
December 16th II

You're not logged in!

Compare scores with friends on all Sporcle quizzes.
OR
Log In

You Might Also Like...

Show Comments

Extras

Top Quizzes Today


Score Distribution

Your Account Isn't Verified!

In order to create a playlist on Sporcle, you need to verify the email address you used during registration. Go to your Sporcle Settings to finish the process.

Report this User

Report this user for behavior that violates our Community Guidelines.

Details: